| 000 | 00530nam a2200145 a 4500 | ||
|---|---|---|---|
| 008 | 120416nuuuuuuuuxx |||||||||||||| || u | ||
| 050 | _aHC 865 Pla | ||
| 245 | 1 | 0 | _aPlanning for progress |
| 246 | _aour fourth development plan 1979 - 1983 | ||
| 260 |
_a _bGovernment Printer _cn.d |
||
| 350 | _a0.00 | ||
| 650 | _aECONOMIC DEVELOPMENT PLAN--KENYA--1979-1983 | ||
| 650 | 0 | _aECONOMICS | |
| 995 |
_D0.00 _FCBU-MAIN LIBRARY (Kitwe) _H1 _I0.00 _M1 _UDAMAGED _ZMain Library Open Access Collection |
||
| 999 |
_c53707 _d53707 |
||